<?xml version="1.0" encoding="UTF-8"?>
<record
    xmlns:xsi="http://www.w3.org/2001/XMLSchema-instance"
    xsi:schemaLocation="http://www.loc.gov/MARC21/slim http://www.loc.gov/standards/marcxml/schema/MARC21slim.xsd"
    xmlns="http://www.loc.gov/MARC21/slim">

  <leader>01279nam a2200313 a 4500</leader>
  <controlfield tag="001">28694</controlfield>
  <controlfield tag="003">UkOxU</controlfield>
  <controlfield tag="005">20211209051322.0</controlfield>
  <controlfield tag="008">980706s1841    enk      b    000 0 eng d</controlfield>
  <datafield tag="035" ind1=" " ind2=" ">
    <subfield code="a">(UkLCURL)0600p2572539</subfield>
  </datafield>
  <datafield tag="040" ind1=" " ind2=" ">
    <subfield code="a">VXJ</subfield>
    <subfield code="c">VXJ</subfield>
    <subfield code="d">EUM</subfield>
    <subfield code="b">eng</subfield>
  </datafield>
  <datafield tag="041" ind1="1" ind2=" ">
    <subfield code="a">eng</subfield>
    <subfield code="h">ara</subfield>
  </datafield>
  <datafield tag="082" ind1=" " ind2=" ">
    <subfield code="2">23</subfield>
    <subfield code="a">909</subfield>
    <subfield code="b">MAE V-1 1841</subfield>
  </datafield>
  <datafield tag="100" ind1="0" ind2=" ">
    <subfield code="a">Mas&#x2BF;&#x16B;d&#x12B;,</subfield>
    <subfield code="d">-956?</subfield>
    <subfield code="9">224341</subfield>
  </datafield>
  <datafield tag="245" ind1="1" ind2="0">
    <subfield code="a">Kit&#x101;b Mur&#x16B;j al-dhahab al-Mas&#x2BF;&#x16B;d&#x12B; =</subfield>
    <subfield code="b">El-Mas'&#xFA;d&#xED;'s historical encyclopaedia, entitled "Meadows of gold and mines of gems" /</subfield>
    <subfield code="c">translated from the Arabic by Aloys Sprenger.</subfield>
  </datafield>
  <datafield tag="246" ind1="1" ind2="1">
    <subfield code="a">El-Mas'&#xFA;d&#xED;'s historical encyclopaedia</subfield>
  </datafield>
  <datafield tag="246" ind1="3" ind2=" ">
    <subfield code="a">Mas'&#xFA;d&#xED;'s historical encyclopaedia</subfield>
  </datafield>
  <datafield tag="246" ind1="3" ind2=" ">
    <subfield code="a">Meadows of gold and mines of gems</subfield>
  </datafield>
  <datafield tag="260" ind1=" " ind2=" ">
    <subfield code="a">London :</subfield>
    <subfield code="b">Printed for the Oriental Translation Fund of Great Britain and Ireland,</subfield>
    <subfield code="c">1841.</subfield>
  </datafield>
  <datafield tag="300" ind1=" " ind2=" ">
    <subfield code="a">lxxii, 464 p. ;</subfield>
    <subfield code="c">26 cm.</subfield>
  </datafield>
  <datafield tag="500" ind1=" " ind2=" ">
    <subfield code="a">"Volume 1." No more published.</subfield>
  </datafield>
  <datafield tag="504" ind1=" " ind2=" ">
    <subfield code="a">Includes bibliographical references.</subfield>
  </datafield>
  <datafield tag="650" ind1=" " ind2="0">
    <subfield code="a">World history</subfield>
    <subfield code="v">Early works to 1800.</subfield>
    <subfield code="9">224342</subfield>
  </datafield>
  <datafield tag="650" ind1=" " ind2="0">
    <subfield code="a">Geography, Medieval.</subfield>
    <subfield code="9">224343</subfield>
  </datafield>
  <datafield tag="650" ind1=" " ind2="0">
    <subfield code="a">Encyclopedias and dictionaries</subfield>
    <subfield code="v">Early works to 1600.</subfield>
    <subfield code="9">224344</subfield>
  </datafield>
  <datafield tag="700" ind1="1" ind2=" ">
    <subfield code="a">Sprenger, Aloys,</subfield>
    <subfield code="d">1813-1893 , tr.</subfield>
    <subfield code="9">223276</subfield>
  </datafield>
  <datafield tag="942" ind1=" " ind2=" ">
    <subfield code="2">ddc</subfield>
    <subfield code="c">RAR</subfield>
  </datafield>
  <datafield tag="999" ind1=" " ind2=" ">
    <subfield code="c">28694</subfield>
    <subfield code="d">28694</subfield>
  </datafield>
  <datafield tag="952" ind1=" " ind2=" ">
    <subfield code="0">0</subfield>
    <subfield code="1">0</subfield>
    <subfield code="2">ddc</subfield>
    <subfield code="4">0</subfield>
    <subfield code="7">1</subfield>
    <subfield code="8">RARE</subfield>
    <subfield code="a">RUCL</subfield>
    <subfield code="b">RUCL</subfield>
    <subfield code="c">Rare</subfield>
    <subfield code="d">2018-10-28</subfield>
    <subfield code="l">0</subfield>
    <subfield code="o">RA 909 MAE V-1 1841</subfield>
    <subfield code="r">2018-10-28 00:00:00</subfield>
    <subfield code="t">C-1</subfield>
    <subfield code="w">2018-10-28</subfield>
    <subfield code="y">RAR</subfield>
  </datafield>
</record>
